| 000 | 00458nam a22001697a 4500 | ||
|---|---|---|---|
| 003 | BD-DhUL | ||
| 005 | 20161123194236.0 | ||
| 008 | 161123s1929 ii ||||| |||| 00| 0 eng | ||
| 040 |
_aBD-DhUL _cBD-DhUL |
||
| 082 |
_a294.501 _bKAH |
||
| 100 | 1 | _aKarandikar, S. V. | |
| 245 | 1 | 0 |
_aHindu exogamy / _cS. V. Karandikar |
| 260 |
_aBombay : _bD. B. Taraparenala Sons, _c1929. |
||
| 300 |
_a xv, 308 p.; _c21 cm. |
||
| 650 | 0 | _aHindu Law | |
| 942 |
_2ddc _cBK |
||
| 999 |
_c128999 _d128999 |
||